[Event "DPMM 2122 Dt. Blinden- u Sehbehinderten"]
[Site "?"]
[Date "2022.03.26"]
[Round "10.4"]
[White "Hoellmann, Ludger"]
[Black "Dobierzin, Olaf"]
[Result "1-0"]
[WhiteElo "2114"]
[BlackElo "2011"]
[PlyCount "61"]
[EventDate "2022.??.??"]

1. Nf3 c5 2. c4 Nc6 3. Nc3 g6 4. g3 Bg7 5. Bg2 e6 6. O-O d5 7. d3 Nge7 8. Bd2
O-O 9. a3 a6 10. Rb1 Rb8 11. Na4 b6 12. b4 cxb4 13. axb4 dxc4 14. dxc4 b5 15.
cxb5 axb5 16. Nc5 Nd5 17. Qc2 Nd4 18. Nxd4 Bxd4 19. Rfd1 Qf6 20. e3 Be5 21. f4
Bd6 22. e4 Qd4+ 23. Kh1 Bxc5 24. Qxc5 Qxc5 25. bxc5 Ne7 26. Bc3 Nc6 27. Rd6 Bb7
28. Rxb5 Ba6 29. Rb6 Rfd8 30. Rxd8+ Rxd8 31. h3 1-0

[Event "DPMM 2122 SGes Bensheim - SC Heimbach-W"]
[Site "?"]
[Date "2022.03.26"]
[Round "10.1"]
[White "Winterberg, Lukas"]
[Black "Keller, Yannik"]
[Result "1-0"]
[WhiteElo "2381"]
[BlackElo "2064"]
[PlyCount "105"]
[EventDate "2022.??.??"]

1. d4 d5 2. Nf3 c6 3. c4 dxc4 4. e3 Be6 5. Nbd2 Nf6 6. Nxc4 Bd5 7. Bd3 e6 8.
O-O c5 9. dxc5 Bxc5 10. b3 O-O 11. Bb2 Nc6 12. Ng5 Bxc4 13. Bxc4 h6 14. Nf3
Qxd1 15. Rfxd1 Rfd8 16. Kf1 a6 17. Rac1 Rxd1+ 18. Rxd1 Kf8 19. Ke2 Ke7 20. Bd3
Rd8 21. Rc1 b6 22. a3 a5 23. Nd2 Rc8 24. Bb5 Na7 25. Ba6 Rc6 26. Bb7 Rc7 27.
Bf3 Ne8 28. Ne4 Bd6 29. Nxd6 Rxc1 30. Nf5+ exf5 31. Bxc1 Kd6 32. Kd3 Nc6 33.
Bd1 Ne5+ 34. Kd2 g6 35. f3 Nc7 36. Bb2 Nd5 37. Be2 Nd7 38. Bc4 Nc5 39. Bd4 b5
40. Bxb5 Nxb3+ 41. Kd3 Nxd4 42. Kxd4 f6 43. f4 g5 44. g3 Ne7 45. Ba4 Nd5 46.
Bb3 Ne7 47. Bc2 Kc6 48. a4 Kd6 49. Bd3 Kc6 50. Be2 Kd6 51. Bf3 Nc6+ 52. Bxc6
Kxc6 53. fxg5 1-0

[Event "DPMM 2122 SGes Bensheim - SC Heimbach-W"]
[Site "?"]
[Date "2022.03.26"]
[Round "10.2"]
[White "Bosbach, Gerhard"]
[Black "Puth, Dieter"]
[Result "1/2-1/2"]
[WhiteElo "2092"]
[BlackElo "2234"]
[PlyCount "98"]
[EventDate "2022.??.??"]

1. c4 c5 2. Nf3 Nf6 3. g3 g6 4. Bg2 Bg7 5. O-O O-O 6. d4 cxd4 7. Nxd4 Nc6 8.
Nc3 Ng4 9. e3 d6 10. b3 Bd7 11. Bb2 Nh6 12. Qd2 Nxd4 13. exd4 Nf5 14. Ne2 Rb8
15. Rfd1 Qc7 16. a4 Rbd8 17. d5 Bxb2 18. Qxb2 e5 19. dxe6 fxe6 20. Nd4 e5 21.
Bd5+ Kg7 22. Nxf5+ Rxf5 23. Rd2 Rf6 24. Rf1 Rdf8 25. Qc3 b6 26. Qe3 Bh3 27. Bg2
Bxg2 28. Kxg2 h6 29. Rd5 g5 30. f3 Qf7 31. h3 Qg6 32. Rdd1 Qc2+ 33. Rd2 Qg6 34.
Rff2 Qb1 35. Rb2 Qa1 36. Ra2 Qd1 37. a5 R8f7 38. axb6 axb6 39. Rad2 Qc1 40. Qd3
Qe1 41. Qe4 Qc1 42. Rd5 Ra7 43. Qc2 Qe3 44. Rd3 Qe1 45. Qd2 Qb1 46. Rxd6 Rxd6
47. Qxd6 Ra1 48. Qxe5+ Kg8 49. Qe8+ Kg7 1/2-1/2

[Event "DPMM 2122 SGes Bensheim - SC Heimbach-W"]
[Site "?"]
[Date "2022.03.26"]
[Round "10.3"]
[White "Goeke, Bernd"]
[Black "Roos, Thomas"]
[Result "1/2-1/2"]
[WhiteElo "1951"]
[BlackElo "2175"]
[PlyCount "108"]
[EventDate "2022.??.??"]

1. Nf3 d6 2. d4 Nf6 3. c4 Nbd7 4. Nc3 e5 5. e4 Be7 6. Be2 O-O 7. O-O c6 8. Qc2
a6 9. a4 a5 10. h3 Re8 11. Be3 Qc7 12. Rfe1 exd4 13. Nxd4 Nc5 14. f4 Bf8 15.
Bf3 g6 16. Rad1 Ne6 17. g4 h6 18. Qd2 Kh7 19. Bf2 Nd7 20. Nde2 Nec5 21. Qc2 Be7
22. Kg2 Bf8 23. b3 Kg8 24. Bg3 Qb6 25. Nc1 Qd8 26. N1a2 Qb6 27. Nc1 Qd8 28. Rd2
Qf6 29. N3e2 g5 30. fxg5 hxg5 31. Nd4 Ne5 32. Nf5 Nxf3 33. Kxf3 Bxf5 34. exf5
Rxe1 35. Bxe1 Nd7 36. Re2 Ne5+ 37. Kg2 Qe7 38. Bc3 Bg7 39. Qd2 b6 40. Qe3 Rb8
41. Nd3 f6 42. Nxe5 dxe5 43. Rd2 Bf8 44. Qd3 Rb7 45. Qd8 Qxd8 46. Rxd8 Kf7 47.
h4 gxh4 48. Be1 c5 49. Bxh4 Be7 50. Rd2 Rb8 51. Kf3 Rh8 52. Bg3 Rg8 53. Rd7 Ke8
54. Rd2 Rg7 1/2-1/2

[Event "DPMM 2122 SGes Bensheim - SC Heimbach-W"]
[Site "?"]
[Date "2022.03.26"]
[Round "10.4"]
[White "Boidman, Yuri"]
[Black "Kargoll, Herbert"]
[Result "1-0"]
[WhiteElo "2306"]
[BlackElo "2214"]
[PlyCount "79"]
[EventDate "2022.??.??"]

1. e4 e5 2. Nf3 Nc6 3. Bb5 g6 4. d4 exd4 5. c3 Bg7 6. cxd4 a6 7. Ba4 d6 8. d5
b5 9. dxc6 bxa4 10. Qxa4 Ne7 11. O-O O-O 12. Nc3 Rb8 13. Rd1 Qe8 14. Nd5 Nxd5
15. exd5 Qe2 16. Re1 Qb5 17. Qd1 Bf5 18. a4 Qc4 19. Re7 Bc2 20. Qd2 Rfe8 21.
Rxc7 Re2 22. Qf4 Qxd5 23. Be3 Bxb2 24. Rf1 Be4 25. Rd7 Rc2 26. c7 Rc8 27. Rxd6
Qb7 28. Rb6 Qd5 29. Rxa6 Bxf3 30. Qxf3 Qxf3 31. gxf3 R2xc7 32. Rb1 Rc2 33. Ra7
Rd8 34. a5 Bd4 35. Rd1 Rc4 36. Rb7 f5 37. a6 f4 38. Bxd4 Rcxd4 39. Rxd4 Rxd4
40. a7 1-0

[Event "DPMM 2122 SC Bavaria Regensburg 1881 -"]
[Site "?"]
[Date "2022.03.26"]
[Round "10.1"]
[White "Koch, Thomas"]
[Black "Oberhofer, Cedric"]
[Result "1-0"]
[WhiteElo "2458"]
[BlackElo "2285"]
[PlyCount "91"]
[EventDate "2022.??.??"]

1. d4 Nf6 2. c4 e6 3. Nf3 c5 4. d5 exd5 5. cxd5 d6 6. Nc3 g6 7. Nd2 Nbd7 8. e4
Bg7 9. Be2 O-O 10. O-O Re8 11. Qc2 a6 12. a4 Rb8 13. a5 b5 14. axb6 Nxb6 15.
Nb3 Qe7 16. Na5 Bd7 17. Bf3 Qe5 18. g3 g5 19. Rd1 Rec8 20. Be2 Re8 21. f3 Nh5
22. Kg2 Rf8 23. Nc6 Bxc6 24. dxc6 Rfc8 25. Nd5 Nf6 26. c7 Rb7 27. Bxa6 Rcxc7
28. Bxb7 Rxb7 29. Nxb6 Rxb6 30. Ra8+ Bf8 31. Qc3 h6 32. Qxe5 dxe5 33. Rdd8 Nh7
34. Rab8 Ra6 35. Bd2 Kg7 36. Bc3 Re6 37. f4 gxf4 38. gxf4 f6 39. Rd7+ Re7 40.
Rxe7+ Bxe7 41. fxe5 fxe5 42. Bxe5+ Kf7 43. Rb7 Ke6 44. Bf4 Nf6 45. Kf3 h5 46.
Bg5 1-0

[Event "DPMM 2122 SC Bavaria Regensburg 1881 -"]
[Site "?"]
[Date "2022.03.26"]
[Round "10.2"]
[White "Kleibel, Uwe"]
[Black "Lamby, Philipp"]
[Result "1-0"]
[WhiteElo "2190"]
[BlackElo "2140"]
[PlyCount "89"]
[EventDate "2022.??.??"]

1. d4 Nf6 2. c4 e6 3. Nf3 d5 4. Nc3 Bb4 5. cxd5 exd5 6. Bg5 h6 7. Bh4 c5 8.
dxc5 Nc6 9. e3 g5 10. Bg3 Ne4 11. Nd2 Nxg3 12. hxg3 Bxc5 13. Nb3 Bb4 14. a3
Bxc3+ 15. bxc3 Bf5 16. Bd3 Qf6 17. Bxf5 Qxf5 18. Nd4 Qd7 19. Nxc6 Qxc6 20. Qd4
O-O 21. f4 Rfe8 22. fxg5 Re4 23. Rxh6 Rxd4 24. Rxc6 Rg4 25. Rc7 Re8 26. Kf2
Rxg5 27. Rxb7 Rf5+ 28. Ke2 Rfe5 29. Rxa7 Rxe3+ 30. Kf2 Re2+ 31. Kg1 R8e3 32.
Kh2 Rf2 33. Rd7 Rf5 34. a4 Rh5+ 35. Kg1 Rxc3 36. a5 Rc8 37. a6 Rh8 38. a7 Kg7
39. Rxd5 Ra8 40. Rd7 Kg6 41. Ra6+ f6 42. Rb7 Rhe8 43. Kf2 Rac8 44. Ra2 Rc5 45.
g4 1-0

[Event "DPMM 2122 SC Bavaria Regensburg 1881 -"]
[Site "?"]
[Date "2022.03.26"]
[Round "10.3"]
[White "Arnhold, Steffi"]
[Black "Geerling, Anton"]
[Result "1-0"]
[WhiteElo "2100"]
[BlackElo "1994"]
[PlyCount "53"]
[EventDate "2022.??.??"]

1. e4 e5 2. Nf3 Nc6 3. Bc4 Bc5 4. c3 Nf6 5. d3 d6 6. Nbd2 a6 7. Bb3 Ba7 8. Nf1
d5 9. Qe2 dxe4 10. dxe4 Ng4 11. Be3 Nxe3 12. Nxe3 Bxe3 13. Qxe3 Qe7 14. Bd5 Nd8
15. O-O O-O 16. h3 c6 17. Bb3 Be6 18. Bxe6 Qxe6 19. Rfd1 f6 20. Qb6 Qe7 21. Nd2
Nf7 22. Nb3 Rad8 23. Nc5 Rxd1+ 24. Rxd1 Nd6 25. Qb4 Nf7 26. Rd7 Qe8 27. Qxb7
1-0

[Event "DPMM 2122 SC Bavaria Regensburg 1881 -"]
[Site "?"]
[Date "2022.03.26"]
[Round "10.4"]
[White "Weinkauf, Viktor"]
[Black "Bunk, Wolfgang"]
[Result "0-1"]
[WhiteElo "1972"]
[BlackElo "2031"]
[PlyCount "70"]
[EventDate "2022.??.??"]

1. c4 Nf6 2. Nc3 g6 3. e4 d6 4. d4 Bg7 5. Be2 O-O 6. Bg5 c5 7. d5 h6 8. Bf4 b5
9. cxb5 a6 10. a4 axb5 11. Bxb5 Ba6 12. Qd3 Qa5 13. Bxa6 Nxa6 14. Nge2 Nb4 15.
Qb1 c4 16. Nc1 Rfb8 17. O-O Nd7 18. Bd2 Nc5 19. N3a2 Qxa4 20. Bxb4 Rxb4 21.
Nxb4 Qxa1 22. Qc2 Qxb2 23. Qxc4 Qc3 24. Qb5 Nxe4 25. Nc6 Bf6 26. Ne2 Qc5 27.
Qb7 Ra2 28. Qc8+ Kg7 29. Qg4 Nxf2 30. Qf3 Ne4+ 31. Kh1 Nd2 32. Qg4 Nxf1 33. Nf4
Ne3 34. Nh5+ Kh7 35. Nxf6+ exf6 0-1

[Event "DPMM 2122 SK 1980 Gernsheim - SC Leinfe"]
[Site "?"]
[Date "2022.03.26"]
[Round "10.1"]
[White "Kottke, Markus"]
[Black "Mueller, Maximilian"]
[Result "0-1"]
[WhiteElo "2171"]
[BlackElo "2311"]
[PlyCount "64"]
[EventDate "2022.??.??"]

1. e4 c5 2. Nf3 d6 3. d4 cxd4 4. Qxd4 e5 5. Qd3 h6 6. c4 Nf6 7. h3 Na6 8. Nc3
Be6 9. Be3 Rc8 10. b3 Nc5 11. Qc2 a6 12. Be2 b5 13. b4 Ncd7 14. cxb5 d5 15. Qb2
d4 16. Bxd4 exd4 17. Nxd4 Qc7 18. Rc1 Nxe4 19. Nxe6 fxe6 20. Bh5+ Kd8 21. Ne2
Qe5 22. Rxc8+ Kxc8 23. Qc2+ Kb8 24. O-O Bd6 25. f4 Qxh5 26. Qxe4 Qd5 27. Qg6
axb5 28. Qxg7 Rc8 29. Nc3 Bf8 30. Qg3 Qd4+ 31. Kh2 Rxc3 32. Qg6 Qd3 0-1

[Event "DPMM 2122 SK 1980 Gernsheim - SC Leinfe"]
[Site "?"]
[Date "2022.03.26"]
[Round "10.2"]
[White "Nies, Peter"]
[Black "Hofer, Markus"]
[Result "1-0"]
[WhiteElo "2039"]
[BlackElo "2058"]
[PlyCount "85"]
[EventDate "2022.??.??"]

1. e4 Nf6 2. e5 Nd5 3. Nc3 Nxc3 4. dxc3 d6 5. Bf4 Nc6 6. Bb5 Bd7 7. Qe2 Nxe5 8.
Bxe5 dxe5 9. O-O-O c6 10. Nf3 f6 11. Bc4 Qc7 12. Rxd7 Kxd7 13. Ng5 fxg5 14.
Qg4+ Kd6 15. Rd1+ Kc5 16. Rd7 Qb8 17. Be6 b5 18. Qb4+ Kb6 19. c4 Qd6 20. c5+
Qxc5 21. Rb7+ Kxb7 22. Qxc5 Rd8 23. a4 Rd6 24. Qxe5 bxa4 25. c4 h5 26. c5 Rd8
27. Qc3 Rh6 28. Qb4+ Ka8 29. Qa5 Rb8 30. Bd7 Kb7 31. Qxa4 e5 32. b4 Rd8 33. Bf5
Rd4 34. Qa3 Rf6 35. Bd3 e4 36. Ba6+ Kb8 37. Qg3+ Bd6 38. cxd6 Rfxd6 39. Qe5 Kc7
40. Qxg7+ Rd7 41. Qe5+ R7d6 42. Qxg5 Rxb4 43. Qe7+ 1-0

[Event "DPMM 2122 SC Viernheim - SF Augsburg"]
[Site "?"]
[Date "2022.03.26"]
[Round "10.1"]
[White "Vuckovic, Aleksandar"]
[Black "Fedorchuk, Sergey A."]
[Result "0-1"]
[WhiteElo "2311"]
[BlackElo "2604"]
[PlyCount "118"]
[EventDate "2022.??.??"]

1. e4 c5 2. Nf3 e6 3. d4 cxd4 4. Nxd4 Nc6 5. Nc3 d6 6. Be2 Nf6 7. O-O Be7 8.
Kh1 O-O 9. Be3 a6 10. f4 Bd7 11. Bf3 Qc7 12. Qe1 Rfe8 13. Qg3 Bf8 14. e5 dxe5
15. Nxc6 e4 16. Nxe4 Nxe4 17. Bxe4 Bxc6 18. Bxc6 Qxc6 19. c3 Rad8 20. Bd4 Rd5
21. h3 g6 22. Rae1 Bg7 23. Bxg7 Kxg7 24. Rd1 Red8 25. Rxd5 Rxd5 26. Rf2 h5 27.
Qf3 Qc5 28. Kh2 b5 29. Re2 Qd6 30. Kg1 Rd1+ 31. Kf2 Rd3 32. Qe4 Qc5+ 33. Kf1
Rd5 34. Qe3 Qd6 35. Kg1 h4 36. Qf2 Rd1+ 37. Kh2 Qd3 38. Re3 Qd2 39. Re2 Qd3 40.
Re3 Qd8 41. Re2 Rd3 42. Rc2 g5 43. Re2 Qd6 44. Re4 Rd2 45. Qf3 f5 46. Rb4 gxf4
47. Qxf4 Qxf4+ 48. Rxf4 Rxb2 49. a4 e5 50. Rxf5 bxa4 51. Rxe5 a3 52. Ra5 a2 53.
Rxa6 Kf7 54. c4 Ke7 55. c5 Kd7 56. Rd6+ Kc7 57. Ra6 Kb7 58. Ra3 Kc6 59. Ra5 Kd5
0-1

[Event "DPMM 2122 SC Viernheim - SF Augsburg"]
[Site "?"]
[Date "2022.03.26"]
[Round "10.2"]
[White "Zaragatski, Ilja"]
[Black "Vuckovic, Zarko"]
[Result "1-0"]
[WhiteElo "2515"]
[BlackElo "2285"]
[PlyCount "81"]
[EventDate "2022.??.??"]

1. Nf3 d5 2. g3 Nd7 3. c4 c6 4. Bg2 e5 5. cxd5 cxd5 6. O-O Bd6 7. Nc3 Ngf6 8.
Nh4 d4 9. Nb5 Bc5 10. e3 O-O 11. exd4 exd4 12. d3 a6 13. Na3 Re8 14. Bd2 Bf8
15. Nc4 a5 16. Qb3 Re6 17. Qb5 Nc5 18. Bxa5 Bd7 19. Qxc5 Bxc5 20. Bxd8 Rxd8 21.
Bxb7 Rb8 22. Bg2 Ra6 23. Rfc1 Be6 24. Nf3 h6 25. a3 Ba7 26. Nfd2 g6 27. b4 Nd5
28. Bxd5 Bxd5 29. Rcb1 Ra8 30. a4 Rf6 31. a5 Re8 32. Re1 Rb8 33. Re7 Ra6 34.
Rb1 Bc6 35. Na3 Ba4 36. Ndc4 Rc8 37. b5 Bc5 38. bxa6 Bxe7 39. a7 Bc6 40. Rb8
Rf8 41. Nb5 1-0

[Event "DPMM 2122 SC Viernheim - SF Augsburg"]
[Site "?"]
[Date "2022.03.26"]
[Round "10.3"]
[White "Abergel, Thal"]
[Black "Brueckner, Thomas"]
[Result "1/2-1/2"]
[WhiteElo "2374"]
[BlackElo "2377"]
[PlyCount "117"]
[EventDate "2022.??.??"]

1. e4 e5 2. Nf3 Nc6 3. Bb5 a6 4. Ba4 Nf6 5. d3 b5 6. Bb3 Bc5 7. Nc3 d6 8. Be3
Rb8 9. Nd5 h6 10. c3 O-O 11. h3 Nxd5 12. Bxd5 Ne7 13. Bb3 Ng6 14. Qd2 Bxe3 15.
fxe3 Qe7 16. O-O Be6 17. Nh2 c6 18. Bc2 d5 19. d4 dxe4 20. Bxe4 f5 21. Bxc6 e4
22. d5 Rfd8 23. Qf2 Bc8 24. Rad1 Ne5 25. Rd4 Rd6 26. Rfd1 Nd3 27. Qe2 Bd7 28.
Bxd7 Qxd7 29. Nf3 Nxb2 30. Ne5 Qe8 31. Qxb2 Qxe5 32. c4 Rc8 33. cxb5 axb5 34.
Qxb5 Rc2 35. R4d2 Rxd2 36. Rxd2 f4 37. exf4 Qxf4 38. Qe8+ Kh7 39. Re2 Qc1+ 40.
Kh2 Qf4+ 41. g3 Qf3 42. Qxe4+ Qxe4 43. Rxe4 Rxd5 44. Re2 Rd3 45. h4 h5 46. Re5
Rd2+ 47. Kg1 Rxa2 48. Rxh5+ Kg6 49. Rg5+ Kf6 50. Rg4 g6 51. Rf4+ Kg7 52. Rf2
Rxf2 53. Kxf2 g5 54. h5 g4 55. Ke3 Kh6 56. Kf4 Kxh5 57. Kf5 Kh6 58. Kf6 Kh5 59.
Kf5 1/2-1/2

[Event "DPMM 2122 SC Viernheim - SF Augsburg"]
[Site "?"]
[Date "2022.03.26"]
[Round "10.4"]
[White "Weller, Uli"]
[Black "Spiegel, Stefan"]
[Result "1-0"]
[WhiteElo "2186"]
[BlackElo "2143"]
[PlyCount "49"]
[EventDate "2022.??.??"]

1. e4 Nf6 2. e5 Nd5 3. d4 Nb6 4. f4 d6 5. Nf3 dxe5 6. fxe5 Bg4 7. Be2 e6 8. O-O
Be7 9. Nc3 O-O 10. Be3 a5 11. Bd3 Nc6 12. Qe1 Nb4 13. Qg3 Bh5 14. Qh3 Nxd3 15.
Qxh5 Nb4 16. Qg4 Kh8 17. Ng5 Bxg5 18. Bxg5 Qd7 19. Rf3 Nc6 20. Rd1 Ne7 21. Ne4
Ng8 22. Bf6 Nxf6 23. exf6 Rg8 24. Rh3 Qd5 25. Ng5 1-0

[Event "DPMM 2122 SGEM Dreisamtal - SK Landau"]
[Site "?"]
[Date "2022.03.26"]
[Round "10.1"]
[White "Bruch, Jochen"]
[Black "Schwing, Hans-Elmar"]
[Result "1/2-1/2"]
[WhiteElo "2202"]
[BlackElo "2313"]
[PlyCount "139"]
[EventDate "2022.??.??"]

1. Nf3 Nf6 2. g3 d5 3. Bg2 c6 4. O-O Bg4 5. d3 Nbd7 6. Nbd2 e5 7. c3 Be7 8. Qc2
O-O 9. Re1 Qc7 10. e4 dxe4 11. dxe4 Rfd8 12. Nc4 Be6 13. Bf1 h6 14. a4 a5 15.
h3 Nh7 16. b3 Ng5 17. Nxg5 hxg5 18. Ne3 Bc5 19. Nf5 f6 20. Rb1 Nb6 21. Be2 Nc8
22. Bg4 Bf7 23. Kg2 Nd6 24. Be3 Bxe3 25. Nxe3 Nc8 26. Bxc8 Raxc8 27. b4 Ra8 28.
Red1 Be6 29. Rxd8+ Rxd8 30. bxa5 Ra8 31. Qb2 Rxa5 32. Qxb7 Qxb7 33. Rxb7 Rxa4
34. Rc7 Rxe4 35. Rxc6 Rxe3 36. Rxe6 Rxc3 37. Re7 Kf8 38. Ra7 e4 39. Ra4 e3 40.
fxe3 Rxe3 41. h4 gxh4 42. Rxh4 Kf7 43. Ra4 Kg6 44. Kf2 Rb3 45. Ra5 f5 46. Ra4
Kg5 47. Rc4 Ra3 48. Rb4 Kh5 49. Rh4+ Kg5 50. Rb4 Ra6 51. Kf3 g6 52. Rc4 Ra1 53.
Rb4 Rf1+ 54. Kg2 Re1 55. Kf3 Re7 56. Ra4 Rh7 57. Rb4 Rh2 58. Rb8 Kf6 59. Ra8 g5
60. Rf8+ Ke6 61. Rg8 g4+ 62. Kf4 Rf2+ 63. Kg5 Rf3 64. Re8+ Kd5 65. Re7 Kd4 66.
Re8 Kd3 67. Re5 Rxg3 68. Kxf5 Rg1 69. Kf4 Kd2 70. Rg5 1/2-1/2

[Event "DPMM 2122 SGEM Dreisamtal - SK Landau"]
[Site "?"]
[Date "2022.03.26"]
[Round "10.2"]
[White "Scherer, Max"]
[Black "Bold, Andre"]
[Result "0-1"]
[WhiteElo "2152"]
[BlackElo "2132"]
[PlyCount "116"]
[EventDate "2022.??.??"]

1. c4 e5 2. g3 Nc6 3. Bg2 g6 4. Nc3 Bg7 5. e3 d6 6. Nge2 Nge7 7. O-O O-O 8. b3
Be6 9. d4 exd4 10. exd4 Bg4 11. h3 Bxe2 12. Nxe2 d5 13. Ba3 Re8 14. Rb1 Rb8 15.
Rb2 a5 16. Nf4 Nb4 17. Re2 Nec6 18. Rxe8+ Qxe8 19. Bb2 dxc4 20. bxc4 Nxa2 21.
Re1 Qd7 22. Qb3 Nab4 23. d5 Nd4 24. Qd1 Nf3+ 25. Qxf3 Bxb2 26. c5 Bd4 27. c6
bxc6 28. dxc6 Qf5 29. g4 Qf6 30. Qe4 Bb6 31. Re2 Rf8 32. Rd2 Rd8 33. Re2 Rd4
34. Qe8+ Kg7 35. Re4 Rxe4 36. Qxe4 Nxc6 37. g5 Qa1+ 38. Bf1 Qd4 39. Qf3 Nb4 40.
h4 Qe5 41. Qg3 Kg8 42. Qf3 Bc5 43. Bc4 Qf5 44. Kg2 Bd6 45. Nd5 Qxf3+ 46. Kxf3
Nxd5 47. Bxd5 a4 48. Kg4 a3 49. f4 Kg7 50. f5 f6 51. Ba2 Bb4 52. Bb3 Be1 53.
Ba2 gxf5+ 54. Kxf5 Bxh4 55. gxf6+ Bxf6 56. Bb1 h5 57. Ba2 h4 58. Kg4 Kf8 0-1

[Event "DPMM 2122 SGEM Dreisamtal - SK Landau"]
[Site "?"]
[Date "2022.03.26"]
[Round "10.4"]
[White "Wolfer, Joshua"]
[Black "Nabavi, Parwis"]
[Result "0-1"]
[WhiteElo "2003"]
[BlackElo "2186"]
[PlyCount "166"]
[EventDate "2022.??.??"]

1. e4 e5 2. Nf3 Nc6 3. Bc4 Bc5 4. O-O Nf6 5. c3 Nxe4 6. b4 Be7 7. Qb3 O-O 8.
Re1 Nd6 9. Bd5 e4 10. b5 exf3 11. bxc6 dxc6 12. Bxf3 Bf5 13. Ba3 Qd7 14. d4
Rfe8 15. Nd2 Bg5 16. Nf1 a5 17. d5 Be4 18. Bxd6 Bxf3 19. Bg3 Bxd5 20. Qxb7 Bf6
21. Rac1 Reb8 22. Qxc7 Qxc7 23. Bxc7 Rc8 24. c4 Bxg2 25. Kxg2 Rxc7 26. Rb1 g6
27. Red1 a4 28. Rb6 Be7 29. Ng3 f5 30. Ne2 Bc5 31. Rbb1 Kf7 32. Nf4 Be7 33. Rb6
a3 34. Nd3 Ra4 35. Rdb1 Bf6 36. Rb7 Re7 37. c5 Rd4 38. Rxe7+ Kxe7 39. Rb7+ Ke6
40. Nb4 Rc4 41. Nxc6 Kd5 42. Nb4+ Kxc5 43. Nc2 Kc6 44. Rb8 Kc7 45. Ne3 Rc1 46.
Ra8 Bb2 47. Ra7+ Kd6 48. Kf3 Ke6 49. Rxh7 Ra1 50. Ra7 Rxa2 51. Ra6+ Kf7 52. Nc2
Bc1 53. Rc6 Rb2 54. Rc7+ Kg8 55. Na1 Bg5 56. Ra7 a2 57. Kg3 Bf6 58. f3 Rb1 59.
Nc2 a1=Q 60. Nxa1 Rxa1 61. Rb7 Re1 62. h3 Re7 63. Rb6 Kg7 64. Kf4 Rc7 65. Rb4
Rd7 66. Rb6 Rd4+ 67. Ke3 Ra4 68. Rb7+ Kh6 69. Rf7 Bg5+ 70. Kf2 Ra2+ 71. Kg1
Be3+ 72. Kh1 Kg5 73. Rg7 Ra6 74. Kg2 Kf4 75. h4 Bd4 76. Rb7 Ra2+ 77. Kh3 Bg1
78. Rb4+ Kxf3 79. Rb3+ Be3 80. Rc3 Ra1 81. Kh2 Ra8 82. Rc6 Rh8 83. Rc4 g5 0-1

[Event "DPMM 2122 Hamburger SK - SC Empor Potsd"]
[Site "?"]
[Date "2022.03.27"]
[Round "20.1"]
[White "Penzold, Andreas"]
[Black "Sebastian, Dirk"]
[Result "1/2-1/2"]
[WhiteElo "2391"]
[BlackElo "2445"]
[PlyCount "69"]
[EventDate "2022.??.??"]

1. c4 c5 2. Nc3 Nf6 3. g3 d5 4. cxd5 Nxd5 5. Bg2 Nc7 6. d3 e5 7. f4 exf4 8.
Bxf4 Ne6 9. Be3 Be7 10. Nf3 Nc6 11. O-O O-O 12. Bf2 f5 13. e3 Bf6 14. Qd2 Kh8
15. Rad1 g5 16. d4 g4 17. Nh4 f4 18. d5 f3 19. dxe6 fxg2 20. Kxg2 Bxe6 21. Qc2
Qe8 22. Ne4 Bg7 23. Nd6 Qh5 24. e4 Nd4 25. Bxd4 Bxd4 26. Rxf8+ Rxf8 27. Ndf5
Bxf5 28. Nxf5 Qf7 29. b3 Qe6 30. Nxd4 cxd4 31. Rxd4 Qf6 32. Rd1 Qf3+ 33. Kg1
Qe3+ 34. Kg2 Qf3+ 35. Kg1 1/2-1/2

[Event "DPMM 2122 Hamburger SK - SC Empor Potsd"]
[Site "?"]
[Date "2022.03.27"]
[Round "20.2"]
[White "Colpe, Malte"]
[Black "Tschernatsch, Johannes"]
[Result "0-1"]
[WhiteElo "2358"]
[BlackElo "2326"]
[PlyCount "94"]
[EventDate "2022.??.??"]

1. d4 Nf6 2. c4 g6 3. h4 Bg7 4. Nc3 d6 5. e4 O-O 6. Be2 e5 7. d5 c6 8. g4 a6 9.
Be3 cxd5 10. cxd5 Qa5 11. Kf1 b5 12. Bf3 b4 13. Nb1 Bd7 14. Nd2 Bb5+ 15. Kg2
Nbd7 16. h5 Nc5 17. Nb3 Nxb3 18. axb3 Qc7 19. Qd2 Rfc8 20. hxg6 hxg6 21. Bh6
Bh8 22. Bg5 Nh7 23. Be3 a5 24. Nh3 Qc2 25. Ng5 Nxg5 26. Bxg5 Qxd2 27. Bxd2 Bf6
28. g5 Bd8 29. Rh2 Rab8 30. Rah1 Kf8 31. Bd1 Bd3 32. Kf3 Bc2 33. Rh8+ Ke7 34.
Be2 Bxb3 35. R8h7 Bb6 36. Bb5 Bd4 37. Bc6 a4 38. Kg4 Bxb2 39. f4 exf4 40. Bxf4
a3 41. Rf1 Rh8 42. e5 dxe5 43. Rxf7+ Kxf7 44. Bxe5+ Ke7 45. d6+ Ke6 46. Bg3 Bc3
47. d7 Rbf8 0-1

[Event "DPMM 2122 Hamburger SK - SC Empor Potsd"]
[Site "?"]
[Date "2022.03.27"]
[Round "20.3"]
[White "Woelk, Tom-Frederic"]
[Black "Milare, Tyron"]
[Result "1/2-1/2"]
[WhiteElo "2348"]
[BlackElo "2271"]
[PlyCount "130"]
[EventDate "2022.??.??"]

1. d4 Nf6 2. c4 e6 3. Nc3 d5 4. cxd5 exd5 5. Bg5 c6 6. e3 h6 7. Bh4 Be7 8. Bd3
O-O 9. Qc2 Re8 10. Nge2 Nbd7 11. O-O Ne4 12. Bxe7 Qxe7 13. Rae1 Ndf6 14. Nd1
Ng5 15. f3 Ne6 16. Bf5 Nf8 17. Ng3 h5 18. Bd3 h4 19. Nf5 Bxf5 20. Bxf5 g6 21.
Bh3 N6h7 22. Nf2 Rad8 23. Nd3 Ng5 24. Bg4 f5 25. Bh3 Kg7 26. Kh1 Nfe6 27. Qf2
c5 28. dxc5 Nxc5 29. Nxc5 Qxc5 30. Qxh4 Nxh3 31. gxh3 Qc4 32. Qg5 Qa6 33. Rg1
Qf6 34. Qf4 Qe5 35. Qb4 Rd7 36. Rg2 Kf7 37. Qa4 Rc7 38. Qxa7 d4 39. Qb6 Re6 40.
f4 Rxb6 41. fxe5 dxe3 42. Rxe3 Rc1+ 43. Rg1 Rxg1+ 44. Kxg1 Rxb2 45. a3 Ke6 46.
Rg3 Kxe5 47. Rxg6 Ke4 48. Rg3 f4 49. Rc3 Kd4 50. Rf3 Ke5 51. h4 Kf5 52. h5 Kg4
53. Rf2 Rb5 54. h6 Rh5 55. Rg2+ Kf5 56. Rb2 Rxh6 57. Rxb7 Rc6 58. Rb2 Rc1+ 59.
Kg2 Ra1 60. Rb5+ Ke4 61. Rb4+ Kf5 62. a4 Ra2+ 63. Kh3 Ra3+ 64. Kg2 Ra2+ 65. Kf3
Ra3+ 1/2-1/2

[Event "DPMM 2122 Hamburger SK - SC Empor Potsd"]
[Site "?"]
[Date "2022.03.27"]
[Round "20.4"]
[White "Tiarks, Jann-Christian"]
[Black "Kotyk, Michael"]
[Result "1-0"]
[WhiteElo "2180"]
[BlackElo "2201"]
[PlyCount "153"]
[EventDate "2022.??.??"]

1. e4 e5 2. Nf3 Nc6 3. Bb5 a6 4. Ba4 Nf6 5. O-O Be7 6. d3 b5 7. Bb3 O-O 8. c3
d5 9. exd5 Nxd5 10. Re1 Bg4 11. h3 Bh5 12. g4 Bg6 13. Nxe5 Nxe5 14. Rxe5 c6 15.
Qf3 Bd6 16. Rxd5 cxd5 17. Bxd5 Ra7 18. Be3 Rd7 19. Bc6 Re7 20. Nd2 Bxd3 21. Ne4
Bh2+ 22. Kxh2 Qc7+ 23. Ng3 f5 24. Bc5 Be4 25. Bxe4 fxe4 26. Qe3 Rf3 27. Qd4 Rd3
28. Qb4 Qf4 29. Rg1 Re8 30. Be3 Qe5 31. Re1 h6 32. Qb3+ Kh7 33. Qf7 a5 34. Bd4
Re7 35. Qf8 Re8 36. Rxe4 Qxg3+ 37. fxg3 Rxf8 38. Re7 Rd2+ 39. Kg1 Rd1+ 40. Kg2
Rd2+ 41. Kg1 Rg8 42. Ra7 Rxb2 43. Rxa5 Re8 44. Kf1 Ree2 45. Ra7 Kg8 46. Rxg7+
Kf8 47. Rg6 Rh2 48. Rf6+ Ke7 49. Rf2 Rhxf2+ 50. Bxf2 Rxa2 51. Ke1 Ke6 52. Be3
Rg2 53. Bf2 Rh2 54. Kf1 Rh1+ 55. Bg1 Kd5 56. Kg2 Rxg1+ 57. Kxg1 Kc4 58. h4 Kxc3
59. g5 hxg5 60. h5 b4 61. h6 b3 62. h7 b2 63. h8=Q+ Kc2 64. Qc8+ Kd2 65. Qb7
Kc2 66. Qc6+ Kd1 67. Qb5 Kc2 68. Qc4+ Kd2 69. Qb3 Kc1 70. Qc3+ Kb1 71. Kf2 Ka2
72. Qc2 Ka1 73. Kf3 b1=Q 74. Qxb1+ Kxb1 75. Kg4 Kc2 76. Kxg5 Kd3 77. Kf5 1-0

[Event "DPMM 2122 Hildesheimer SV - SG 1871 Lö"]
[Site "?"]
[Date "2022.03.27"]
[Round "20.1"]
[White "Stein, Robert"]
[Black "Ermel, Dirk"]
[Result "1-0"]
[WhiteElo "2360"]
[BlackElo "2144"]
[PlyCount "87"]
[EventDate "2022.??.??"]

1. d4 Nf6 2. c4 c5 3. Nf3 cxd4 4. Nxd4 Nc6 5. Nc3 g6 6. g3 Bg7 7. Bg2 O-O 8.
O-O Qb6 9. Nb3 d6 10. Be3 Qc7 11. Rc1 Be6 12. c5 d5 13. Nd4 Nxd4 14. Bxd4 Rfd8
15. b4 Qd7 16. Qb3 Ne4 17. Rfd1 Nxc3 18. Qxc3 f6 19. e4 Qa4 20. exd5 Bxd5 21.
Bxd5+ Rxd5 22. Qc4 e6 23. Re1 Qd7 24. Be3 a6 25. c6 bxc6 26. Qxc6 Qxc6 27. Rxc6
a5 28. a3 axb4 29. axb4 Bf8 30. Bc5 Bxc5 31. bxc5 e5 32. Rc7 Rad8 33. c6 Rd1
34. Kf1 R8d6 35. g4 g5 36. Rxd1 Rxd1+ 37. Ke2 Rc1 38. Kd3 Kf8 39. Ke4 Ke8 40.
Kf5 Kd8 41. Rd7+ Ke8 42. Rd6 Ke7 43. Re6+ Kd8 44. Rxf6 1-0

[Event "DPMM 2122 Hildesheimer SV - SG 1871 Lö"]
[Site "?"]
[Date "2022.03.27"]
[Round "20.2"]
[White "Hoffmann, Bernhard"]
[Black "Pallas, Sebastian"]
[Result "0-1"]
[WhiteElo "2084"]
[BlackElo "2226"]
[PlyCount "60"]
[EventDate "2022.??.??"]

1. d4 Nf6 2. Bf4 g6 3. e3 Bg7 4. Nf3 O-O 5. Be2 d5 6. Nc3 c5 7. dxc5 Nc6 8. O-O
Bg4 9. h3 Bxf3 10. Bxf3 e5 11. Bg3 e4 12. Be2 d4 13. exd4 Qxd4 14. Bd6 Rfd8 15.
Qc1 Rxd6 16. cxd6 Qxd6 17. Qe3 Qe5 18. Rfd1 Bf8 19. h4 h6 20. a3 Bc5 21. Qxh6
Qg3 22. Rf1 Ne5 23. Kh1 Bxf2 24. Nd5 Nxd5 25. Qg5 Qxg5 26. hxg5 e3 27. g3 Bxg3
28. Kg2 Bf2 29. Rfd1 Nf4+ 30. Kf1 Kg7 0-1